000 00338 a2200157 4500
001 148493
040 _cEscola São Tomás de Aquino
100 _aVENEZIA, Mike
240 1 0 _aSalvador Dalí
_lpor
245 1 0 _aSalvador Dalí
300 _a32
362 0 _a1996
440 1 _aModerna
697 _a*LITERATURA INFANTIL
942 _cBK
999 _c148493
_d148493